Tìm hiểu chính sách kinh tế đối ngoại Trung Quốc từ 2010-2020 /

সংরক্ষণ করুন:
গ্রন্থ-পঞ্জীর বিবরন
প্রধান লেখক: Đỗ Ngọc Toàn.
বিন্যাস: প্রবন্ধ
ভাষা:Vietnamese
বিষয়গুলি:
ট্যাগগুলো: ট্যাগ যুক্ত করুন
কোনো ট্যাগ নেই, প্রথমজন হিসাবে ট্যাগ করুন!
Thư viện lưu trữ: Thư viện Trường Đại học Đà Lạt
LEADER 00812nam a2200265 4500
001 DLU140166083
005 ##20141211
040 # # |a DLU  |b vie 
041 # # |a vie 
044 # # |a vn 
100 # # |a Đỗ Ngọc Toàn. 
245 # # |a Tìm hiểu chính sách kinh tế đối ngoại Trung Quốc từ 2010-2020 /  |c Đỗ Ngọc Toàn,  |c TS. 
653 # # |a Kinh tế đối ngoại 
653 # # |a Phát triển công nghiệp 
653 # # |a Trung Quốc 
773 # # |t Tạp chí Nghiên cứu Trung Quốc  |g Số4(128), 2012, tr. 3-12 
920 # # |a Phòng Tạp chí -- Trung tâm Thông tin - Thư viện Trường Đại học Đà Lạt 
994 # # |a DLU 
900 # # |a True 
911 # # |a Nguyễn Thị Mai Anh 
925 # # |a G 
926 # # |a A 
927 # # |a BB 
980 # # |a Thư viện Trường Đại học Đà Lạt